Dario Argento Films - Statistics

General Stats
  • This quiz has been taken 33 times
  • The average score is 14 of 23
Answer Stats
Hint Answer % Correct
1977 Suspiria
100%
1980 Inferno
96%
1975 Deep Red
85%
1985 Phenomena
85%
1982 Tenebre
85%
1970 The Bird with the Crystal Plumage
78%
1971 The Cat O'Nine Tails
78%
1987 Opera
74%
2012 Dracula 3D
63%
1971 Four Flies on Grey Velvet
59%
2007 The Mother of Tears
59%
1996 The Stendhal Syndrome
59%
2022 Dark Glasses
56%
2009 Giallo
52%
1993 Trauma
52%
2001 Sleepless
48%
2004 The Card Player
44%
1998 The Phantom of the Opera
44%
2005 Do You Like Hitchcock?
41%
1990 Two Evil Eyes
41%
1973 The Five Days
33%
2005 Jenifer
22%
2006 Pelts
22%
No matching quizzes found
Score Distribution
Percent of People with Each Score
Percentile by Number Answered
Your Score History
You have not taken this quiz